000 00585nam a2200193Ia 4500
001 20607
003 GE_BSU
008 181216s||||||||xx |||||||||||||| ||und||
040 _cGE_BSU
245 _aИнновации в образовании, №4 Апрель. 2017.
245 _cГл.ред.И.В. Сыромятников
260 _aМосква
260 _c2017
300 _a156стр. 25см.
653 _aИнновации в образовании, №4 Апрель. 2017.
653 _aПериодика
653 _aპერიოდიკა
942 _cCR
999 _c53561
_d53561